| 000 | 00801nam a2200217 i 4500 | ||
|---|---|---|---|
| 001 | 186557 | ||
| 003 | SpMaBN | ||
| 005 | 20231218195042.0 | ||
| 008 | 161125s1980 fr f |||| |afre d | ||
| 020 | _a2-7210-0182-5 | ||
| 080 | _a929 Bernhardt, Sarah | ||
| 100 | 1 |
_aBernhardt, Sarah, _d1844-1923 _928329 |
|
| 245 | 1 | 0 |
_aMa double vie _b: mémoires de Sarah Bernhardt / _cune édition féministe de Claudine Herrmann. |
| 246 | 3 | _aMémoires de Sarah Bernhardt | |
| 260 |
_a[Paris] : _bDes Femmes, _c[1980] |
||
| 300 |
_a2 v. (312, [8] p. de lám., 313, [4] p. de lám.) ; _c18 cm. |
||
| 600 | 1 | 4 |
_aBernhardt, Sarah, _d1844-1923- _xBiografías _928330 |
| 700 | 1 |
_aHerrmann, Claudine. _9161374 |
|
| 852 |
_aES-MaACL _jL-30906-07 _z. - Biblioteca Jacinto Martínez Lacalle |
||
| 999 |
_c186557 _d186557 |
||